[Event "Sant Antoni de Portmany 1st"]
[Site "Sant Antoni de Portmany"]
[Date "2019.05.31"]
[Round "6"]
[White "Dardha, Daniel"]
[Black "Adell Corts, Francisco"]
[Result "1-0"]
[WhiteElo "2420"]
[BlackElo "2175"]
[PlyCount "51"]
[EventDate "2019.05.27"]
[EventType "tourn"]
[EventRounds "9"]
[EventCountry "ESP"]
[EventCategory "3"]
[SourceTitle "EXT 2024"]
[Source "ChessBase"]
[SourceDate "2023.10.10"]
[SourceVersion "1"]
[SourceVersionDate "2023.10.10"]
[SourceQuality "1"]

1. Nf3 e6 2. c4 f5 3. g3 Nf6 4. Bg2 d5 5. b3 c6 6. 0-0 a5 7. Bb2 Bd6 8. d3 0-0 9. Nbd2 Nbd7 10. e4 e5 11. cxd5 cxd5 12. exd5 Nxd5 13. Nc4 Bc7 14. Re1 f4 15. Nfxe5 Nxe5 16. Bxe5 fxg3 17. hxg3 Nb4 18. d4 Bf5 19. Bxb7 Bxe5 20. dxe5 Nd3 21. Re3 Rb8 22. Nd6 Nxf2 23. Qd5+ Kh8 24. Rf3 Nh3+ 25. Kg2 Qg5 26. Raf1 1-0

[Event "Sant Antoni de Portmany 1st"]
[Site "Sant Antoni de Portmany"]
[Date "2019.05.27"]
[Round "1"]
[White "Adell Corts, Francisco"]
[Black "Palozza, Christian"]
[Result "1/2-1/2"]
[WhiteElo "2175"]
[BlackElo "2225"]
[PlyCount "65"]
[EventDate "2019.05.27"]
[EventType "tourn"]
[EventRounds "9"]
[EventCountry "ESP"]
[EventCategory "3"]
[SourceTitle "EXT 2024"]
[Source "ChessBase"]
[SourceDate "2023.10.10"]
[SourceVersion "1"]
[SourceVersionDate "2023.10.10"]
[SourceQuality "1"]

1. e4 e6 2. d4 d5 3. Nd2 dxe4 4. Nxe4 Bd7 5. Nf3 Bc6 6. Bd3 Nd7 7. 0-0 Ngf6 8. Ned2 Be7 9. Qe2 0-0 10. c4 Bxf3 11. Nxf3 c6 12. Bg5 Qc7 13. Rac1 Rfe8 14. Rfd1 Bf8 15. Ne5 g6 16. Bh4 Bh6 17. Rc3 Bf4 18. Bg3 Bxg3 19. hxg3 h5 20. Bc2 a5 21. Nxd7 Qxd7 22. Qf3 Kg7 23. Qf4 Ng4 24. f3 Nh6 25. g4 hxg4 26. fxg4 e5 27. dxe5 Qxg4 28. Qf6+ Kf8 29. Rf1 Re6 30. Qh8+ Ng8 31. Rxf7+ Kxf7 32. Rf3+ Qxf3 33. gxf3 1/2-1/2

[Event "Alzira op 4th"]
[Site "Alzira"]
[Date "2014.12.28"]
[Round "4"]
[White "Montalban Galvez, Antonio"]
[Black "Adell Corts, Francisco"]
[Result "1-0"]
[WhiteElo "2192"]
[BlackElo "2197"]
[PlyCount "97"]
[EventDate "2014.12.27"]
[EventType "swiss"]
[EventRounds "7"]
[EventCountry "ESP"]
[SourceTitle "CBM 164 Extra"]
[Source "ChessBase"]
[SourceDate "2015.03.02"]
[SourceVersion "1"]
[SourceVersionDate "2015.03.02"]
[SourceQuality "1"]

1. d4 e6 2. c4 f5 3. Nf3 d5 4. Nc3 Nf6 5. Bg5 c6 6. e3 Bd6 7. Bd3 0-0 8. Qc2 a6 9. c5 Bc7 10. Bf4 Ne4 11. Bxc7 Qxc7 12. Bxe4 fxe4 13. Ne5 Nd7 14. Nxd7 Bxd7 15. Ne2 e5 16. dxe5 Qxe5 17. Nd4 Bg4 18. h3 Bh5 19. g4 Bg6 20. 0-0-0 Rf6 21. Rdg1 Raf8 22. Rg2 Qe7 23. h4 h5 24. gxh5 Bxh5 25. Rhg1 R6f7 26. Qc3 g6 27. Qc2 Kh7 28. Kb1 Rf6 29. a3 Qf7 30. Rf1 Qe7 31. Qc3 R8f7 32. Ka2 b6 33. b4 b5 34. Kb3 Qd7 35. Qe1 Qh3 36. Rfg1 Qc8 37. Qd2 Ra7 38. Qc3 Qf8 39. Rg5 a5 40. bxa5 Qa8 41. Nxb5 Raf7 42. Nd6 Rxd6 43. cxd6 Qb8+ 44. Ka2 Qxd6 45. Qb2 Qh2 46. f4 Qh3 47. Qg2 Qe6 48. Rxh5+ gxh5 49. Qg8+ 1-0

[Event "Eivissa Insular-ch"]
[Site "Eivissa"]
[Date "2014.10.25"]
[Round "1"]
[White "Prohens Costa, Armando"]
[Black "Adell Corts, Francisco"]
[Result "1/2-1/2"]
[WhiteElo "1625"]
[BlackElo "2197"]
[PlyCount "129"]
[EventDate "2014.10.25"]
[EventType "swiss"]
[EventRounds "7"]
[EventCountry "ESP"]
[SourceTitle "EXT 2016"]
[Source "ChessBase"]
[SourceDate "2015.10.08"]
[SourceVersion "1"]
[SourceVersionDate "2015.10.08"]
[SourceQuality "1"]

1. d4 e6 2. g3 f5 3. Bg2 Nf6 4. c4 d5 5. Nf3 c6 6. 0-0 Bd6 7. Qc2 0-0 8. Nbd2 Bd7 9. e3 Be8 10. Rb1 Nbd7 11. b4 Bh5 12. a4 Ne4 13. b5 Rc8 14. Qd3 cxb5 15. c5 Ndxc5 16. dxc5 Nxc5 17. Qxb5 Be8 18. Qe2 Bxa4 19. Ba3 Qd7 20. Bxc5 Rxc5 21. Rfc1 Rfc8 22. Rxc5 Rxc5 23. Nd4 a6 24. N2b3 Bxb3 25. Nxb3 Rb5 26. Nd2 Rxb1+ 27. Nxb1 Qa4 28. Bf1 b5 29. Nc3 Qc4 30. Qc2 Qc5 31. Qb3 h6 32. Bd3 Be5 33. Na2 Kf7 34. Qb4 Bd6 35. Qxc5 Bxc5 36. Nc1 Ke7 37. Nb3 Kd6 38. Kf1 g6 39. Ke2 e5 40. f3 e4 41. fxe4 fxe4 42. Bb1 Bb6 43. Kd2 a5 44. Nd4 b4 45. Bc2 Ke5 46. Nc6+ Kd6 47. Nd4 h5 48. Bb3 Bd8 49. Ke2 Bf6 50. Kd2 Be5 51. Ne2 Kc5 52. Nf4 Bxf4 53. gxf4 d4 54. exd4+ Kxd4 55. Bf7 a4 56. Bxg6 b3 57. Bf7 h4 58. f5 Ke5 59. Be6 b2 60. Ba2 Kxf5 61. Ke3 Ke5 62. h3 a3 63. Bb1 Kd5 64. Ba2+ Ke5 65. Bb1 1/2-1/2

[Event "Ibiza Summer op 3rd"]
[Site "Ibiza"]
[Date "2014.06.27"]
[Round "1"]
[White "Paris Tur, Joan"]
[Black "Adell Corts, Francisco"]
[Result "0-1"]
[WhiteElo "1341"]
[BlackElo "2201"]
[PlyCount "32"]
[EventDate "2014.06.27"]
[EventType "swiss"]
[EventRounds "7"]
[EventCountry "ESP"]
[SourceTitle "CBM 161 Extra"]
[Source "ChessBase"]
[SourceDate "2014.08.29"]
[SourceVersion "1"]
[SourceVersionDate "2014.08.29"]
[SourceQuality "1"]

1. e4 e5 2. Nf3 Nc6 3. Bb5 a6 4. Bxc6 dxc6 5. d4 exd4 6. Qxd4 Qxd4 7. Nxd4 c5 8. Nf3 Nf6 9. Nc3 Bg4 10. Bg5 Be7 11. 0-0-0 c6 12. Rd3 h6 13. Bxf6 Bxf6 14. e5 Be7 15. Re1 0-0 16. Rd7 Bxd7 0-1

[Event "Mislata op-A"]
[Site "Mislata"]
[Date "2010.08.22"]
[Round "9"]
[White "Montalban Galvez, Antonio"]
[Black "Adell Corts, Francisco"]
[Result "1/2-1/2"]
[WhiteElo "2197"]
[BlackElo "2212"]
[PlyCount "94"]
[EventDate "2010.08.16"]
[EventType "swiss"]
[EventRounds "9"]
[EventCountry "ESP"]
[SourceTitle "CBM 138 Extra"]
[Source "ChessBase"]
[SourceDate "2010.10.29"]
[SourceVersion "1"]
[SourceVersionDate "2010.10.29"]
[SourceQuality "1"]

1. Nf3 f5 2. c4 Nf6 3. g3 g6 4. Bg2 d6 5. d4 Bg7 6. 0-0 0-0 7. Nc3 Nc6 8. d5 Ne5 9. Nxe5 dxe5 10. b4 e6 11. Bb2 e4 12. Qb3 Qe7 13. f3 exf3 14. exf3 f4 15. Rae1 Qf7 16. Rf2 exd5 17. cxd5 Bd7 18. Ne4 Rae8 19. Rd2 Kh8 20. Ree2 h6 21. Qd1 Nxe4 22. Rxe4 Rxe4 23. fxe4 f3 24. Bxg7+ Qxg7 25. Bxf3 Qc3 26. Rd3 Qxb4 27. Kg2 Qd6 28. Qd2 Kh7 29. Rb3 Qa6 30. Rc3 Rf7 31. Qe2 Bb5 32. Qc2 Bf1+ 33. Kg1 Bh3 34. Qe2 Qb6+ 35. Re3 Qb1+ 36. Kf2 Qh1 37. e5 Qxh2+ 38. Ke1 Qxg3+ 39. Kd2 Qf4 40. Qd3 Qb4+ 41. Qc3 Qxc3+ 42. Kxc3 Bf5 43. Kd4 Re7 44. Ra3 a6 45. d6 cxd6 46. exd6 Rd7 47. Ke5 Kg8 1/2-1/2

[Event "Mislata op-A"]
[Site "Mislata"]
[Date "2010.08.17"]
[Round "2"]
[White "Navarrete Espi, Samuel"]
[Black "Adell Corts, Francisco"]
[Result "0-1"]
[WhiteElo "2057"]
[BlackElo "2212"]
[PlyCount "134"]
[EventDate "2010.08.16"]
[EventType "swiss"]
[EventRounds "9"]
[EventCountry "ESP"]
[SourceTitle "CBM 138 Extra"]
[Source "ChessBase"]
[SourceDate "2010.10.29"]
[SourceVersion "1"]
[SourceVersionDate "2010.10.29"]
[SourceQuality "1"]

1. e4 e6 2. d4 d5 3. Nc3 Bb4 4. e5 c5 5. a3 Bxc3+ 6. bxc3 Nc6 7. Qg4 Nge7 8. Qxg7 Rg8 9. Qxh7 cxd4 10. f4 Qa5 11. Ne2 dxc3 12. Qd3 Bd7 13. Rb1 b6 14. Qxc3 Qxc3+ 15. Nxc3 Nd4 16. Kd1 Rc8 17. Bd2 Nef5 18. a4 Nxc2 19. Kxc2 d4 20. Kb3 dxc3 21. Bxc3 Bxa4+ 22. Kxa4 Rxc3 23. Kb5 Ke7 24. g3 Rc5+ 25. Ka6 Ra5+ 26. Kb7 Rd8 27. Rc1 Rd7+ 28. Rc7 Rxc7+ 29. Kxc7 Ne3 30. Bd3 b5 31. h4 Nd5+ 32. Kb7 Kf8 33. h5 Ra3 34. h6 Kg8 35. Be4 Rxg3 36. Rc1 Nc3 37. Bb1 a5 38. f5 Nxb1 39. fxe6 fxe6 40. Rxb1 b4 41. Kb6 Ra3 42. Kc6 Rd3 43. Rg1+ Kh8 44. Rg6 b3 45. Rxe6 a4 46. Re8+ Kh7 47. Rb8 a3 48. e6 a2 49. e7 Re3 50. Rxb3 Rxb3 51. e8Q Rc3+ 52. Kd5 a1Q 53. Qe7+ Kxh6 54. Qh4+ Kg6 55. Qg4+ Kf7 56. Qe6+ Kf8 57. Qf5+ Ke8 58. Qe5+ Kd8 59. Qb8+ Kd7 60. Qb7+ Rc7 61. Qb5+ Kc8 62. Qe8+ Kb7 63. Qb5+ Ka7 64. Kd6 Rb7 65. Qc5+ Rb6+ 66. Kd7 Qg7+ 67. Kc8 Qf8+ 0-1

[Event "Cullera op-A 25th"]
[Site "Cullera"]
[Date "2004.07.26"]
[Round "6"]
[White "Gimeno Higueras, Roberto"]
[Black "Adell Corts, Francisco"]
[Result "1-0"]
[WhiteElo "2017"]
[BlackElo "2212"]
[PlyCount "109"]
[EventDate "2004.07.??"]
[EventType "swiss"]
[EventRounds "9"]
[EventCountry "ESP"]
[SourceTitle "CBM 101 Extra"]
[Source "ChessBase"]
[SourceDate "2004.09.01"]
[SourceVersion "2"]
[SourceVersionDate "2004.09.01"]
[SourceQuality "1"]

1. b4 e5 2. Bb2 Bxb4 3. Bxe5 Nf6 4. Nf3 0-0 5. e3 Re8 6. c4 d5 7. Be2 Bg4 8. Bc3 a5 9. a3 Bd6 10. Qc2 c5 11. cxd5 Nxd5 12. Qb2 Nxc3 13. Nxc3 Nd7 14. h3 Bxf3 15. gxf3 Be5 16. Rc1 Nb6 17. Qb5 c4 18. Na4 Nxa4 19. Qxa4 c3 20. d4 Bd6 21. Rxc3 Rc8 22. Rxc8 Qxc8 23. Kd2 b6 24. Rc1 Qb8 25. Bc4 g6 26. h4 Rd8 27. h5 Qb7 28. Ke2 Qe7 29. hxg6 hxg6 30. Qc2 Kg7 31. a4 Ba3 32. Rd1 Rc8 33. Qb3 Qc7 34. Bd3 Bb4 35. Rh1 Qc3 36. Qxc3 Rxc3 37. e4 Ra3 38. Bb5 Ra2+ 39. Kf1 Bc3 40. d5 Bd4 41. Kg2 Rxf2+ 42. Kg3 Rd2 43. f4 g5 44. Rf1 gxf4+ 45. Kxf4 Kf8 46. e5 Bc5 47. d6 f6 48. Kg4 Rd4+ 49. Kh5 Rd5 50. Rxf6+ Kg7 51. Rg6+ Kh7 52. Re6 Kg7 53. Re7+ Kf8 54. Kg6 Bd4 55. Re8# 1-0

[Event "Mislata op-A 11th"]
[Site "Mislata"]
[Date "2003.08.19"]
[Round "1"]
[White "Adell Corts, Francisco"]
[Black "Romero Holmes, Alfonso"]
[Result "0-1"]
[WhiteElo "2213"]
[BlackElo "2530"]
[PlyCount "115"]
[EventDate "2003.08.19"]
[EventType "swiss"]
[EventRounds "9"]
[EventCountry "ESP"]
[SourceTitle "CBM 095 Extra"]
[Source "ChessBase"]
[SourceDate "2003.09.04"]
[SourceVersion "1"]
[SourceVersionDate "2003.09.04"]
[SourceQuality "1"]

1. e4 c5 2. c3 e6 3. d4 cxd4 4. cxd4 d5 5. exd5 exd5 6. Nf3 Nc6 7. Bb5 Bd6 8. Bg5 Nge7 9. 0-0 0-0 10. h3 f6 11. Bd2 Qb6 12. Bxc6 Qxc6 13. Nc3 Be6 14. Rc1 Qd7 15. Ne2 Ng6 16. Qb3 Rfe8 17. Rfe1 Kh8 18. Nh2 Rad8 19. Rc3 Bb8 20. Nf1 Bf7 21. Re3 Rxe3 22. Qxe3 Qb5 23. Qb3 Qxb3 24. axb3 Ne7 25. Ba5 Rc8 26. Rc1 Nc6 27. Bd2 a6 28. Ne3 Ba7 29. Nf5 Re8 30. Be3 Bb8 31. Kf1 Be6 32. Nh4 Na5 33. Rc3 Rc8 34. Bf4 Ba7 35. b4 Nc6 36. Nf3 Nxb4 37. Rxc8+ Bxc8 38. Bd6 Nc6 39. Nf4 Nxd4 40. Nxd4 Bxd4 41. b4 Kg8 42. Nxd5 Kf7 43. Bf4 Ke6 44. Ne3 Bc3 45. Nc2 Kd5 46. Ke2 Bf5 47. Ne3+ Ke6 48. Nxf5 Kxf5 49. Bd6 Ke4 50. Bc5 Bd4 51. Bf8 g5 52. f3+ Kd5 53. Kd3 Be5 54. Be7 h6 55. Bd8 f5 56. h4 g4 57. fxg4 fxg4 58. h5 0-1

[Event "Albacete op 10th"]
[Site "Albacete"]
[Date "2002.09.05"]
[Round "7"]
[White "Del Rio de Angelis, Salvador Gabriel"]
[Black "Adell Corts, Francisco"]
[Result "1-0"]
[WhiteElo "2504"]
[BlackElo "2227"]
[PlyCount "86"]
[EventDate "2002.09.01"]
[EventType "swiss"]
[EventRounds "9"]
[EventCountry "ESP"]
[SourceTitle "EXT 2003"]
[Source "ChessBase"]
[SourceDate "2002.11.25"]
[SourceVersion "1"]
[SourceVersionDate "2002.11.25"]
[SourceQuality "1"]

1. c4 e5 2. Nc3 Bb4 3. e3 Nf6 4. Nge2 0-0 5. a3 Be7 6. g3 d5 7. cxd5 Nxd5 8. Bg2 Be6 9. 0-0 c6 10. Qc2 Na6 11. d4 Nxc3 12. bxc3 Bc4 13. Rd1 Qa5 14. Rb1 Rab8 15. dxe5 Qxe5 16. e4 Bg5 17. f4 Qc5+ 18. Nd4 Bd8 19. Kh1 Bb6 20. a4 Rfd8 21. Be3 Qf8 22. a5 Bc5 23. Qa4 Bxd4 24. cxd4 Be2 25. Rd2 Bh5 26. f5 Rd7 27. e5 Nc7 28. h3 f6 29. e6 Rd5 30. g4 Qd6 31. Rf1 Be8 32. Bf4 Qe7 33. Bxd5 cxd5 34. Qc2 Bc6 35. a6 Nxa6 36. Bxb8 Nxb8 37. Ra1 a6 38. Re2 Kf8 39. Qc3 Ke8 40. Qg3 Qd8 41. g5 fxg5 42. e7 Qc8 43. Qxg5 Bb5 1-0

[Event "Albacete op 10th"]
[Site "Albacete"]
[Date "2002.09.04"]
[Round "6"]
[White "Adell Corts, Francisco"]
[Black "Vassallo Barroche, Mauricio"]
[Result "1/2-1/2"]
[WhiteElo "2227"]
[BlackElo "2451"]
[PlyCount "32"]
[EventDate "2002.09.01"]
[EventType "swiss"]
[EventRounds "9"]
[EventCountry "ESP"]
[SourceTitle "EXT 2003"]
[Source "ChessBase"]
[SourceDate "2002.11.25"]
[SourceVersion "1"]
[SourceVersionDate "2002.11.25"]
[SourceQuality "1"]

1. e4 g6 2. d4 d6 3. Nc3 Bg7 4. g3 Nf6 5. h3 0-0 6. Bg2 e5 7. dxe5 dxe5 8. Bg5 c6 9. Qxd8 Rxd8 10. Nf3 Nbd7 11. 0-0-0 Re8 12. Rhe1 h6 13. Be3 Bf8 14. Nd2 Nb6 15. f4 Nfd7 16. f5 Kg7 1/2-1/2

[Event "Albacete op 10th"]
[Site "Albacete"]
[Date "2002.09.02"]
[Round "2"]
[White "Adell Corts, Francisco"]
[Black "Movsziszian, Karen"]
[Result "0-1"]
[WhiteElo "2227"]
[BlackElo "2494"]
[PlyCount "78"]
[EventDate "2002.09.01"]
[EventType "swiss"]
[EventRounds "9"]
[EventCountry "ESP"]
[SourceTitle "EXT 2003"]
[Source "ChessBase"]
[SourceDate "2002.11.25"]
[SourceVersion "1"]
[SourceVersionDate "2002.11.25"]
[SourceQuality "1"]

1. e4 g6 2. d4 Bg7 3. Nc3 d6 4. Be3 c6 5. Qd2 b5 6. f3 Nd7 7. Bd3 Nb6 8. h4 h5 9. Nh3 Bxh3 10. Rxh3 a6 11. Ne2 e6 12. Bg5 Qc7 13. g4 Nf6 14. Bxf6 Bxf6 15. g5 Be7 16. f4 d5 17. e5 c5 18. c3 Nc4 19. Bxc4 bxc4 20. dxc5 Bxc5 21. b4 cxb3 22. axb3 0-0 23. b4 Bb6 24. Qd3 a5 25. b5 a4 26. Nd4 Bxd4 27. Qxd4 Qa5 28. Qb4 Rfb8 29. Qxa5 Rxa5 30. c4 dxc4 31. Rc3 Raxb5 32. Rxc4 a3 33. Kd2 a2 34. Kc2 Ra8 35. Rd4 Ra3 36. Rc4 Rba5 37. Rb4 R5a4 38. Rb7 Rxf4 39. Kb2 Ra5 0-1